[Event "SM-gruppen"]
[Site "Lund"]
[Date "2010.07.10"]
[Round "8"]
[White "Brynell, Stellan"]
[Black "Grandelius, Nils"]
[Result "0-1"]
[WhiteElo "2495"]
[BlackElo "2505"]
[Annotator "Michael de Verdier"]
[PlyCount "68"]
[EventDate "2010.??.??"]
[EventRounds "9"]
[EventCountry "SWE"]
[Source "Anders Hansen"]
[SourceDate "2010.07.03"]

1. d4 Nf6 2. c4 e6 3. Nf3 d5 4. Nc3 dxc4 5. e3 ({Tuffare är} 5. e4 Bb4 6. Bg5)
5... a6 6. a4 b6 $5 (6... c5 {ska leda till en ganska harmlös ställning för
svart. Draget som Nils valde är lite mer dynamiskt och har spelats av bl.a.
Morozevich.}) 7. Bxc4 Bb7 8. O-O Bb4 9. Qb3 Nc6 10. Rd1 Qe7 11. Qc2 Na5 12. Be2
O-O 13. Na2 $6 (13. Ne5 {
, med planen att byta bort vitfältarna, var nog bättre.}) 13... Bd6 14. Bd2 Nc6
15. Be1 Rac8 16. Bc3 {Stellan spelar mycket mystiskt. Han verkar inte säker på
vart han vill placera sina pjäser.} h6 17. Rab1 Rfd8 18. b4 Nd5 19. b5 axb5 20.
axb5 Nxc3 21. Qxc3 Na5 {Svart har redan en bekväm fördel.} 22. Nb4 Be4 23. Rb2
(23. Bd3 {var nog nödvändigt, men svart står fint efter} Bxf3 24. gxf3 Qh4 25.
f4 g5 $1) 23... c5 24. bxc6 Nxc6 25. Nxc6 Rxc6 26. Qb3 Qc7 27. Qb5 $2 (27. Qa2
{var nog bättre, även om svart har en klar fördel efter t.ex.} Rc1) 27... Ra8
$1 {Vits pjäser börjar få dåligt med rutor, och de ansätts hårt av svarts båda
löpare.} 28. Ne1 {Förlorar direkt, men det är svårt att föreslå nåt annat.} Ra5
29. Qb3 Ba3 30. Rbb1 Bxb1 31. Rxb1 Rc1 32. Kf1 Qxh2 33. Bd3 Qh1+ 34. Ke2 Qxe1+
0-1

[Event "SM-gruppen"]
[Site "Lund"]
[Date "2010.07.10"]
[Round "8"]
[White "Eriksson, Anders"]
[Black "Tikkanen, Hans"]
[Result "0-1"]
[WhiteElo "2311"]
[BlackElo "2469"]
[Annotator "Axel Smith"]
[PlyCount "172"]
[EventDate "2010.??.??"]
[EventRounds "9"]
[EventCountry "SWE"]
[Source "Anders Hansen"]
[SourceDate "2010.07.03"]

1. g3 {Eriksson var tvungen att vinna för IM-norm och ville kanske behålla så
många pjäser som möjligt med detta drag. Det är för övrigt ett bra drag som
absolut kan kämpa om öppningsfördel.} g6 {
Tikkanen har stor erfaranhet av modernt.} 2. Bg2 Bg7 3. c4 e5 4. Nc3 Ne7 5. d3
O-O 6. Nf3 ({Ett sunt alternativ var} 6. e4 {
med övergång i Botvinniksystemet, som Semcesen pressade Berg med.}) 6... c6 7.
d4 d6 8. O-O Bg4 9. dxe5 dxe5 {Tikkanen har redan tidigare spelat
typställningen med byte på e5. Bondestrukturen med en vit bonde på c4 och en
svart på e5 sägs gynna svart.} 10. Ng5 {Diagram #} Na6 $1 {Springaren står bra
på kanten. Den begränsar möjliga damplaceringar för vit och kontrollerar
c5-fältet.} 11. Nge4 Be6 12. Qa4 h6 13. Rd1 Qc7 14. Be3 Nf5 15. Bc5 Nxc5 $5 {
Öppnar upp diagonalen för löparen på g2, men snor samtidigt åt sig löparparet.
Nu vill vit gärna få press på kungsflygeln med b4-b5.} 16. Nxc5 Bc8 17. b4 Nd6
18. b5 ({I kommentatorsrummet förslogs} 18. Qb3 {och först senare b4-b5.
Syftet är att inte förstöra bondestrukruren på det sätt som skedde i partiet.})
18... cxb5 19. Nxb5 Nxb5 20. Qxb5 a6 21. Qb4 Rb8 {Tikkanen trivs bra i trånga
ställningar. Min känsla är att han ofta underskattar aktiviteten som
terrängfördelen kan ge, men jag lyckas sällan bevisa det vid brädet.} 22. Rab1
Bf5 {Diagram #} 23. Bxb7 $5 {Eriksson räds inte komplikationerna.} (23. Be4 {
var ett helt okej drag. Efter bytet på e4 spelar vit c4-c5 och använder
d6-rutan för valfri pjäs, troligen tornet.}) 23... Bxb1 24. Rxb1 {Vit hotar nu
att vinna tillbaka kvaliteten med Nxa6, men även om det bara vinner en bonde
är det gott nog.} a5 25. Qb5 {Vit hotar både Nd7 och Na6 med kvalitetsvinst.}
Rfc8 ({Efter} 25... Rbd8 26. Na6 Qe7 27. c5 {börjar fribonden bli farlig.}) 26.
Nd7 Rxb7 27. Qxb7 Qxb7 28. Rxb7 Rxc4 {Diagram # Torn och löpare sägs vara en
bra kombination i slutspel, men det gäller nog bara om det finns bönder på
båda sidor av brädet. Det finns det här. Nu påbörjas en lång fas av
manövererande där inte så mycket händer. Tikkanen är otroligt stark i dessa
lägen, han hittar ständigt nya idéer för att pressa motståndaren maximalt.} 29.
Rb8+ Kh7 30. Rb2 Rd4 31. Nb6 e4 32. Rc2 Rb4 33. Nc4 a4 34. f3 {Bytet försvagar
vits andra rad, men neutraliserar samtidigt en bonde som täckte två fält. Jag
vet inte vilket som väger tyngst.} exf3 35. exf3 h5 36. Kf2 Rb1 37. Ke3 g5 38.
Ke4 Kg6 39. g4 {Eriksson sätter bönderna på vitt, helt enligt läroboken, men
riskerar samtidigt att göra dem svaga.} hxg4 40. fxg4 Rf1 41. Ne3 Rf4+ 42. Kd3
a3 43. Rc6+ Kh7 44. Rc5 Rf2 45. Rc2 Rf3 46. Ke4 Rf4+ 47. Kd3 Ba1 {Nu påbörjas
en lustig fas där svart vinner ett tempo vart fjärde drag. Vit går bara runt i
cirklar.} 48. Rc4 Rf2 49. Rc2 Rf3 50. Ke4 Rf4+ 51. Kd3 Kg7 52. Rc4 Rf2 53. Rc2
Rf3 54. Ke4 Rf4+ 55. Kd3 f6 {
Svarts två intjänade tempon, Kg7 och f6, har inte påverkat ställningen.} 56.
Rc7+ Kf8 57. Rc1 Be5 58. Rc2 Kf7 59. h3 $4 {Två frågetecken verkar väl tufft,
men det är svårt att förklara varför Eriksson plötsligt flyttar en bonde efter
att ingenting hänt de senaste 16 dragen. Nu faller h3 direkt.} Rf3 60. Ke4 Rxh3
61. Rc4 Rg3 62. Ra4 Bb2 63. Ra7+ Ke8 64. Nd5 Rxg4+ 65. Kf5 Rg2 {Diagram #} 66.
Nc7+ (66. Nxf6+ Bxf6 67. Kxf6 Rxa2 68. Kxg5 Ra1 69. Kf4 a2 70. Kg3 Rg1+ {
vinner för svart med ett tempos marginal.}) 66... Kd8 67. Nb5 Rg3 68. Nd6 {
Tikkanen bör nu vinna med två bönder mer.} Rf3+ 69. Ke6 Re3+ 70. Kd5 g4 71.
Ra8+ Kc7 72. Ra7+ Kb6 $2 73. Nc8+ Kb5 {Diagram #} 74. Rb7+ $2 (74. Nd6+ {
leder direkt till remi, t.ex.} Kb4 75. Rb7+ Ka5 76. Ra7+ Kb6 77. Nc8+ {
och vi har nått ställningen efter drag 73.}) 74... Ka5 75. Nd6 Ka6 76. Rg7 g3
77. Rg8 Rd3+ 78. Kc5 Rc3+ 79. Kd5 Rc2 80. Ra8+ (80. Rxg3 Rd2+ 81. Kc6 Rxd6+ $1
82. Kxd6 Be5+ {vinner tornet.}) 80... Kb6 81. Rb8+ Ka7 82. Rb7+ Ka6 83. Rg7 f5
$2 {Nu är Rxg3 plötsligt möjligt. Det är svårt att förklara dessa drag, kanske
trodde spelarna att Rd2xd6 fortfarande fanns mot Rxg3, men så är ju inte
fallet.} 84. Rg6 $2 f4 85. Nc4+ Ka7 86. Rg4 g2 0-1

[Event "SM-gruppen"]
[Site "Lund"]
[Date "2010.07.10"]
[Round "8"]
[White "Hillarp Persson, Tiger"]
[Black "Vas, Peter"]
[Result "1-0"]
[WhiteElo "2538"]
[BlackElo "2305"]
[Annotator "Michael de Verdier"]
[PlyCount "81"]
[EventDate "2010.??.??"]
[EventRounds "9"]
[EventCountry "SWE"]
[Source "Anders Hansen"]
[SourceDate "2010.07.03"]

1. d4 d5 2. c4 e6 3. Nc3 Nf6 4. cxd5 {Tiger väljer Carlsbad-strukturen.} exd5
5. Bg5 c6 6. e3 Bf5 {Svart spelar en ambitiös variant, han vill utveckla
löparen till den optimala rutan innan vit gjort Ld3.} 7. Qf3 {
Efter detta drag styr vit partiet mot ett lite bättre slutspel.} Bg6 8. Bxf6
Qxf6 9. Qxf6 gxf6 10. Nf3 Nd7 11. Nh4 Be7 12. g3 f5 $6 {Jag gillar inte det
här draget. Svart blev nervös över vits springare på h4 (vill den ta min
löpare? vill den in på f5 och bråka?), och tvingar vit att ta ett beslut. Men
efter att vit bara backar ser svarts vitfältare rätt sorglig ut...} 13. Ng2 Nf6
14. f3 Bd6 15. Kf2 Kf8 16. Nh4 Ng8 17. Be2 Kg7 18. Rhc1 Ne7 19. Na4 b6 20. a3
f6 21. Nc3 a5 22. Kg2 Rhe8 23. Bd3 Rad8 24. Rd1 Kf7 25. Rac1 Kg7 26. Rc2 Kf7
27. Rdc1 {Vit ställning är fruktansvärt harmonisk. Tiger kan kosta på sig att
testa lite olika uppställningar innan han bestämmer vilken som är optimal.} b5
$6 {
Vas blev otålig av att bara sitta och vänta, men det var nog nödvändigt ändå.}
28. Ne2 Rc8 29. Rd1 Kg7 30. Kf2 Kf7 31. h3 Rh8 32. Ng2 Kg7 33. Nef4 Kf7 34. h4
{Nu kollapsar svart, men hans ställning ser utsiktslös ut oavsett.} Ke8 35. Ne6
Rg8 36. Ngf4 Bf7 37. Nc5 Kd8 38. Nb7+ Kc7 39. Nxa5 Kb6 40. Nb3 Rg7 41. Nc5 1-0

[Event "SM-gruppen"]
[Site "Lund"]
[Date "2010.07.10"]
[Round "8"]
[White "Semcesen, Daniel"]
[Black "Abdollahzadeh Sani, Arash"]
[Result "1/2-1/2"]
[WhiteElo "2420"]
[BlackElo "2143"]
[Annotator "Michael de Verdier"]
[PlyCount "28"]
[EventDate "2010.??.??"]
[EventRounds "9"]
[EventCountry "SWE"]
[Source "Anders Hansen"]
[SourceDate "2010.07.03"]

1. Nf3 c5 2. c4 Nc6 3. d4 cxd4 4. Nxd4 e6 5. Nc3 Nf6 6. g3 Qb6 7. Nc2 ({
Aronian introducerade det intressanta} 7. Ndb5 Ne5 8. Bf4 Nfg4 9. Qa4 $5 {
mot Peter Lékó i Linares för några år sedan.}) 7... Ne5 ({Även} 7... d5 {
ska ge svart utjämning i öppningen.}) 8. Ne3 Nfg4 9. Bg2 Nxf2 {Abdollahzadeh
ser en direkt remi och tvekar inte. Jag kan inte kritisera hans beslut.} 10.
Kxf2 Ng4+ 11. Kf3 Ne5+ 12. Kf2 (12. Ke4 Bd6 {vill vit nog inte vara med om.})
12... Ng4+ 13. Kf3 Ne5+ 14. Kf2 Ng4+ 1/2-1/2

[Event "SM-gruppen"]
[Site "Lund"]
[Date "2010.07.11"]
[Round "9"]
[White "Grandelius, Nils"]
[Black "Berg, Emanuel"]
[Result "1/2-1/2"]
[WhiteElo "2505"]
[BlackElo "2612"]
[Annotator "Axel Smith"]
[PlyCount "108"]
[EventDate "2010.??.??"]
[EventRounds "9"]
[EventCountry "SWE"]
[Source "Anders Hansen"]
[SourceDate "2010.07.03"]

1. c4 g6 {Båda spelarna går nog in med inställningen att de vill vinna. 1...c4
och 1...g6 är båda drag som undviker tidiga avbyten.} 2. g3 Bg7 3. Bg2 e5 4.
Nc3 d6 5. d3 Ne7 6. Nf3 (6. e4 {och övergång i Botvinniksystemet, som Semcesen
spelade mot Berg, är ett alternativ. Här har dock svart ännu inte spelat Nbc6,
så han kan ställa upp sig lite annorlunda.}) 6... O-O 7. O-O h6 8. d4 $5 {
d2-d3-d4 ser ut som tempotapp, men svart har precis spelat h6. Framstöten i
centrum är logisk.} Nd7 9. e4 {Det har nu blivit g3-kungsindiskt där
Grandelius tappat ett tempo, men Berg ställt upp sig ovanligt passivt.} a6 10.
Be3 exd4 11. Bxd4 $5 (11. Nxd4 {
ser normalt ut, och bör vara lite bättre för vit.}) 11... Nf6 {Diagram #} 12.
e5 $1 {
Svart har ännu inte utvecklat löparen på c8 och får lite konkreta problem.}
dxe5 13. Bxe5 Be6 14. Qxd8 Rfxd8 15. Bxc7 Rd7 16. Bf4 {Diagram #} (16. Be5 {
för att neutralisera svarts fianchettolöpare, verkar mer naturligt.} Nc6) 16...
g5 $6 {Jag är inte helt med på detta drag. Det försvagar f5-fältet och
bondestruken och tvingar vits löpare till en bättre placering. Rybka tycker
dock att det är bästa draget.} 17. Be3 Bxc4 18. Rfd1 Rxd1+ 19. Rxd1 {Diagram #}
Nfd5 {Med två fianchettolöpare är frågan oftast vem som snabbast kan flytta
springaren från f3 eller f6. Här hinner Berg först men, om Grandelius hade
spelat rätt hade han ändock stått lite bättre.} 20. Nxd5 Nxd5 21. Bd4 (21. b3
$3 {var det drag vi gillade i kommentatorsrummet.} Nxe3 (21... Nc3 22. Rd7 Bd5
23. Nd4 Bxg2 24. Kxg2 {
med ett aktivt torn, eller 23...Bxd4 24.Bxd5 med klar vit fördel.}) 22. fxe3 {
först tycker man att ser ser horribelt ut att ge upp svartfältaren och
försämra bondestrukturen, men sen ser man att vit kan spela Nd4 i nästa drag,
vilket både ger en stark springare och öppnar upp förfianchettolöparen} Be6 23.
Nd4 {Vit står lite bättre här.}) 21... Bxa2 {
Berg tar en bonde men Grandelius har taktiska möjligheter att få tillbaka den.}
22. Nxg5 hxg5 23. Bxd5 $6 {
23.Bxg7 är bättre, så att svart inte har det mellandrag han fick in nästa drag.
} Bxd5 24. Bxg7 {Diagram #} Bf3 $1 {Deplacerar vits torn och vinner tempo.} 25.
Rd3 Kxg7 (25... g4 26. Bf6 {och vit kan spela Rd8, men efter} Rc8 27. Rd8+ Rxd8
28. Bxd8 Be2 $1 {kommer kungen inte ut. Troligtvis håller vit remi ändå.}) 26.
Rxf3 Rc8 27. Kg2 Rc4 28. Rb3 b5 29. Ra3 Rc6 {Svarts torn är lite aktivare, och
hans majoritet lite bättre. 2 mot 1 är ett större procentuellt överläge än 3
mot 2. Vit har dock bättre kung.} 30. Kf3 Kg6 31. Ke4 Re6+ 32. Kd4 f6 (32...
Re2 {leder till remi, men det gör också partifortsättningen.}) 33. b4 Re2 34.
h4 Rb2 35. Kc5 Rxf2 36. hxg5 Rf5+ 37. Kb6 fxg5 38. g4 Rf6+ 39. Kb7 Rf4 40. Rb3
Rf6 41. Rc3 Rf4 42. Rb3 Rxg4 43. Kxa6 Rg1 44. Kxb5 g4 45. Kc6 g3 46. b5 Kf5 47.
Kb7 Kg4 48. b6 Rf1 49. Rxg3+ Kxg3 50. Kc7 Rc1+ 51. Kd7 Rb1 52. Kc7 Rc1+ 53. Kd7
Rb1 54. Kc7 Rc1+ 1/2-1/2

[Event "SM-gruppen"]
[Site "Lund"]
[Date "2010.07.11"]
[Round "9"]
[White "Hector, Jonny"]
[Black "Hillarp Persson, Tiger"]
[Result "1/2-1/2"]
[WhiteElo "2584"]
[BlackElo "2538"]
[Annotator "Michael de Verdier"]
[PlyCount "108"]
[EventDate "2010.??.??"]
[EventRounds "9"]
[EventCountry "SWE"]
[Source "Anders Hansen"]
[SourceDate "2010.07.03"]

1. e4 g6 2. d4 d6 3. Nc3 c6 4. f4 {Ett tag kanske man lurades till att tro att
Tiger skulle återvända till sitt moderna försvar, om vilket han ju har skrivit
en populär bok. Nu väljer han istället att byta strategi i centrum och spela
en "Gurgenidze"-liknande typställning.} d5 5. e5 h5 6. Nf3 (6. Be3 Nh6 7. h3 {
, som i t.ex. Bobras - Minasian, EU-ch qual. 2005, hindrar svart från att
spela enligt Tigers strategi.}) 6... Nh6 7. Be3 Bg4 8. h3 Nf5 9. Bf2 Bxf3 10.
Qxf3 h4 {Diagram # Ett intressant, och ambitiöst, koncept för svart. Han har
naglat fast sin häst på f5, och hoppas att vits löparpar inte ska va starkare
än hästarna. Särskilt vits svartfältare kan bli dålig, med tanke på den låsta
centrumstrukturen.} 11. Bd3 e6 12. Ne2 Nd7 13. O-O Be7 14. b3 a5 15. c4 a4 {
Diagram #} 16. cxd5 cxd5 17. Bb5 {Hector väljer att öppna upp lite på andra
flanken, nu när svart så effektivt låst kungsflygeln.} axb3 18. a4 {
Vit vill ta med en pjäs på b-linjen och försöka pressa mot b7-bonden.} O-O 19.
Qxb3 Nb8 $1 {Springaren ska till c6, där den är mycket mer aktiv än på d7.} 20.
Rfc1 Qb6 21. Rab1 (21. Qc3 {kan fortfarande bemötas med} Nc6 $1 22. Bxc6 Rfc8)
21... Nc6 22. Qd1 Qa7 23. Kh2 Rfc8 24. Bd3 Qxa4 25. Qxa4 Rxa4 26. Rxb7 {
Diagram #} Kg7 (26... Raa8 {såg ut som det "säkra" alternativet. Svart har en
strategiskt sund ställning, och det verkar vettigt att bli av med den jobbiga
spiken längs c-linjen. Draget funkar också taktiskt efter} 27. Bxf5 gxf5 28.
Rxc6 Rxc6 29. Rxe7 Rc2) 27. Bb5 Ra2 28. Bg1 Rd2 29. Bf2 Ra2 30. Be1 ({
Hector var ju piskad att vinna, med tanke på turneringssituationen. Annars
hade han säkert gärna upprepat dragmed} 30. Bg1 {.}) 30... Ba3 $1 {
Ett jobbigt drag för vit att bemöta.} 31. Rd1 Nd8 32. Rd7 Ne3 $6 {Tiger började
få riktigt dåligt med tid. Detta drag känns mest som ett poängläst endragshot.
Springaren stod ju bra på f5, där den pressade mot d4 och höll lite koll på
den egna h4-bonden.} 33. Rb1 Nf5 34. Bd3 {Diagram #} Rxe2 $6 {Med bara sekunder
kvar på klockan fick Tiger panik och kastade iväg ett suspekt kvalleoffer.} ({
Ett normalt drag som} 34... Nc6 {var nog bättre.}) 35. Bxe2 Bc1 36. Bf2 Bxf4+
37. Kg1 Nc6 38. Rd1 {Diagram #} Ncxd4 $1 {Antagligen omedveten briljans.} 39.
Rxd4 Nxd4 40. Bxd4 Rc1+ 41. Kf2 Rb1 {Slutspelet verkar extremt svårt för vit
att vinna. Problemet är att svart alltid är beredd att jaga vits svartfältare,
och därmed indirekt e5-bonden.} 42. Bc3 Rb3 43. Bd4 Bg3+ 44. Kg1 Rb1+ 45. Bf1
Rb4 {Jonny tappade helt konceptet och förlorar nu e5-bonden forcerat.} 46. Bc3
Re4 47. Bd2 Bxe5 48. Bd3 Ra4 49. Kf1 Ra1+ 50. Kf2 Ra2 51. Ke1 Ra1+ 52. Ke2 Ra2
53. Kd1 Ra1+ 54. Ke2 Ra2 1/2-1/2

[Event "SM-gruppen"]
[Site "Lund"]
[Date "2010.07.11"]
[Round "9"]
[White "Tikkanen, Hans"]
[Black "Brynell, Stellan"]
[Result "1/2-1/2"]
[WhiteElo "2469"]
[BlackElo "2495"]
[Annotator "Michael de Verdier"]
[PlyCount "20"]
[EventDate "2010.??.??"]
[EventRounds "9"]
[EventCountry "SWE"]
[Source "Anders Hansen"]
[SourceDate "2010.07.03"]

1. d4 e6 2. c4 Nf6 3. Nc3 Bb4 4. Nf3 c5 5. g3 {
Diagram # Tikkanens favoritsystem mot Nimzoindiskt.} Bxc3+ (5... cxd4 6. Nxd4
Ne4 7. Qd3 Bxc3+ 8. bxc3 Nc5 {är väl det huvudsakliga teoretiska alternativet,
med en strategiskt komplex ställning.}) 6. bxc3 Qa5 7. Qd3 (7. Bd2 {
spelades i Bacrot - Topalov, Sofia MTel Masters 2006.}) 7... b6 (7... Ne4 {
är farligt för svart efter} 8. Bg2 Qxc3+ 9. Qxc3 Nxc3 10. dxc5 {
, då slutspelet anses vara bättre för vit.}) 8. Bg2 Bb7 9. O-O Be4 10. Qe3 O-O
{Diagram # Svart har utjämnat och lägger in ett vältajmat remianbud.} 1/2-1/2

[Event "SM-gruppen"]
[Site "Lund"]
[Date "2010.07.11"]
[Round "9"]
[White "Vas, Peter"]
[Black "Semcesen, Daniel"]
[Result "1/2-1/2"]
[WhiteElo "2305"]
[BlackElo "2420"]
[Annotator "Michael de Verdier"]
[PlyCount "58"]
[EventDate "2010.??.??"]
[EventRounds "9"]
[EventCountry "SWE"]
[Source "Anders Hansen"]
[SourceDate "2010.07.03"]

1. e4 e5 2. Nf3 Nc6 3. Bc4 ({
Peter vann ett fint parti mot Tikkanen tidigare i turneringen med skotskt,} 3.
d4 {.}) 3... Nf6 4. d3 Be7 ({Att ställa löparen här eller på c5,} 4... Bc5 {
, är lite av en smaksak.}) 5. c3 d6 6. Bb3 O-O 7. O-O Na5 8. Bc2 c5 9. Nbd2 Qc7
{Diagram #} 10. Re1 {Tornet evakuerar f1-fältet. Springaren på d2 vill ju
mellanlanda där i sin pilgrimsfärd mot f5.} Be6 11. Nf1 Nc6 12. h3 Rad8 13. Qe2
Rfe8 14. Ng3 b5 15. a4 a6 16. Bd2 d5 17. axb5 axb5 {Diagram #} 18. Ra6 (18. Ng5
$5 {var ett försök att försöka störa svart.}) 18... d4 19. cxd4 cxd4 20. Rc1
Qb7 21. Raa1 Nd7 22. Ng5 Bxg5 23. Bxg5 f6 24. Bd2 Nf8 25. Qd1 Qf7 26. Ra6 Qb7
27. Raa1 Qf7 28. Ra6 Qb7 29. Raa1 Qf7 {
Svart utjämmnade lätt i öppningen, men valde sedan att inte utmana ödet.}
1/2-1/2